Лекции по отечественной истории XX века (политической истории); Вып. 1

Bibliographische Detailangaben
Zusammenfassung:Приложение: Планы семинарских занятий
Исключено из фонда НТБ ТПУ
Sprache:Russisch
Veröffentlicht: Тольятти, 1991
Format: Buch
KOHA link:https://koha.lib.tpu.ru/cgi-bin/koha/opac-detail.pl?biblionumber=15962

MARC

LEADER 00000nam0a2200000 4500
001 15962
005 20231030190401.0
035 |a (RuTPU)RU\TPU\book\16080 
035 |a BOOK00000768 
090 |a 15962 
100 |a 20011209d1991 m y0rusy50 ca 
101 0 |a rus 
102 |a RU 
105 |a y j 000zy 
200 1 |a Лекции по отечественной истории XX века (политической истории)  |h Вып. 1 
210 |a Тольятти  |d 1991 
215 |a 170 с. 
300 |a Приложение: Планы семинарских занятий 
333 |a Исключено из фонда НТБ ТПУ 
801 0 |a RU  |b 63413507  |c 20011209  |g PSBO 
801 2 |a RU  |b 63413507  |c 20220526  |g PSBO 
942 |c BK